[Event "Cheliabinsk Variation-A"]
[Site "Cheliabinsk"]
[Date "2022.04.10"]
[Round "9"]
[White "Gabrielian, Artur"]
[Black "Baigildin, Albert"]
[Result "1-0"]
[WhiteElo "2480"]
[BlackElo "2255"]
[PlyCount "59"]
[EventDate "2022.04.01"]
[EventType "swiss"]
[EventRounds "9"]
[EventCountry "RUS"]
[SourceTitle "CBM 207 Extra"]
[Source "ChessBase"]
[SourceDate "2022.05.31"]
[SourceVersion "1"]
[SourceVersionDate "2022.05.31"]
[SourceQuality "1"]

1. e4 e5 2. Nf3 Nc6 3. Bc4 Nf6 4. d3 h6 5. 0-0 d6 6. c3 g5 7. Bb3 Bg7 8. Nbd2 Ne7 9. Nc4 Ng6 10. Ne3 Be6 11. Re1 Qd7 12. d4 g4 13. Nd2 Bxb3 14. axb3 Ne7 15. dxe5 dxe5 16. Qc2 0-0 17. Ndc4 Nh7 18. Qd1 Qxd1 19. Rxd1 Nf6 20. Nxe5 Nxe4 21. N3xg4 f5 22. Nxh6+ Kh7 23. Nhf7 Kg8 24. Rd7 Rxf7 25. Nxf7 Kxf7 26. Rxc7 Be5 27. Rxb7 Rd8 28. Be3 a6 29. Re1 Kf6 30. f3 1-0

[Event "Cheliabinsk Lozovatsky Memorial-A"]
[Site "Cheliabinsk"]
[Date "2022.01.29"]
[Round "8"]
[White "Petrukhina, Olga"]
[Black "Baigildin, Albert"]
[Result "0-1"]
[WhiteElo "2007"]
[BlackElo "2164"]
[PlyCount "58"]
[EventDate "2022.01.22"]
[EventType "swiss"]
[EventRounds "10"]
[EventCountry "RUS"]
[SourceTitle "CBM 206 Extra"]
[Source "ChessBase"]
[SourceDate "2022.03.31"]
[SourceVersion "1"]
[SourceVersionDate "2022.03.31"]
[SourceQuality "1"]

1. d4 Nf6 2. c4 b6 3. Nc3 Bb7 4. d5 e6 5. e4 exd5 6. exd5 Bb4 7. Qe2+ Qe7 8. Qxe7+ Kxe7 9. Bd2 Re8 10. 0-0-0 Kf8 11. Nh3 d6 12. Bd3 a6 13. a3 Bxc3 14. Bxc3 Nbd7 15. Rhe1 a5 16. Bc2 Ba6 17. b3 a4 18. Kb2 axb3 19. Kxb3 Rxe1 20. Rxe1 b5 21. cxb5 Bxb5 22. Bxf6 Nxf6 23. Kb2 Nxd5 24. Be4 Re8 25. Ng5 Nf6 26. Re3 h6 27. Nh7+ Nxh7 28. Bxh7 Rxe3 29. fxe3 g6 0-1

[Event "Cheliabinsk Panchenko Memorial op-A"]
[Site "Cheliabinsk"]
[Date "2020.09.09"]
[Round "3"]
[White "Baigildin, Albert"]
[Black "Kurchenko, Egor"]
[Result "1-0"]
[WhiteElo "2200"]
[BlackElo "1956"]
[PlyCount "61"]
[EventDate "2020.09.07"]
[EventType "swiss"]
[EventRounds "9"]
[EventCountry "RUS"]
[SourceTitle "CBM 198 Extra"]
[Source "ChessBase"]
[SourceDate "2020.11.30"]
[SourceVersion "1"]
[SourceVersionDate "2020.11.30"]
[SourceQuality "1"]

1. e4 e5 2. Nf3 Nc6 3. Bb5 Nf6 4. d3 d6 5. 0-0 Be7 6. c3 0-0 7. Re1 a6 8. Bxc6 bxc6 9. h3 Re8 10. Nbd2 Bf8 11. Nf1 g6 12. Bg5 Bg7 13. Qd2 Qd7 14. Ng3 c5 15. c4 Rb8 16. Nh4 Qa4 17. Re2 c6 18. Rf1 Qb4 19. Qe3 d5 20. b3 Qc3 21. Qxc5 Qxd3 22. Bxf6 Bxf6 23. Qxc6 Be6 24. exd5 Bxh4 25. dxe6 Rxe6 26. Qe4 Qd8 27. Qg4 Bf6 28. Ne4 Bg7 29. Rd2 Qa5 30. Qh4 h6 31. Rfd1 1-0

[Event "Izhevsk Corporation Cup 6th"]
[Site "Izhevsk"]
[Date "2014.07.20"]
[Round "8"]
[White "Baigildin, Albert"]
[Black "Ziatdinov, Raset"]
[Result "1-0"]
[WhiteElo "2192"]
[BlackElo "2348"]
[PlyCount "147"]
[EventDate "2014.07.12"]
[EventType "swiss"]
[EventRounds "9"]
[EventCountry "RUS"]
[SourceTitle "CBM 161 Extra"]
[Source "ChessBase"]
[SourceDate "2014.08.29"]
[SourceVersion "1"]
[SourceVersionDate "2014.08.29"]
[SourceQuality "1"]

1. e4 e5 2. Nf3 Nc6 3. Bb5 a6 4. Ba4 Nf6 5. 0-0 Be7 6. Re1 b5 7. Bb3 d6 8. a4 Bb7 9. c3 0-0 10. d3 Na5 11. Bc2 c5 12. Nbd2 Re8 13. Nf1 Bf8 14. Bg5 h6 15. Bh4 g6 16. axb5 axb5 17. Ne3 Bg7 18. h3 Qc7 19. Nh2 c4 20. Nhg4 Nxg4 21. Nxg4 g5 22. Bg3 cxd3 23. Bxd3 Nc4 24. Qe2 Qc5 25. b4 Qc6 26. f3 Rxa1 27. Rxa1 Rc8 28. Ra7 h5 29. Bxc4 bxc4 30. Ne3 Qb6 31. Ra5 d5 32. exd5 e4 33. Bf2 Bxc3 34. Nc2 exf3 35. Qxf3 Qf6 36. Qxh5 Rd8 37. d6 Be4 38. Rxg5+ Bg6 39. Bc5 Be5 40. Qg4 Qf4 41. Qxf4 Bxf4 42. Rg4 Bxd6 43. Bxd6 Rxd6 44. Rxc4 Rd1+ 45. Kh2 Rb1 46. Nd4 Be4 47. Nf3 Bd3 48. Rf4 Bb5 49. Ne5 Be8 50. Rd4 Rb2 51. Rd8 Kf8 52. Rb8 Ke7 53. Kg3 f6 54. Nc4 Rb3+ 55. Kf4 Rb1 56. Rb6 Rf1+ 57. Ke4 Bg6+ 58. Ke3 Rc1 59. Kd4 Rd1+ 60. Ke3 Rc1 61. Nd2 Rc3+ 62. Ke2 Rg3 63. Kf2 Rd3 64. Nf3 Rb3 65. g4 Bf7 66. h4 Rd3 67. g5 fxg5 68. Rb7+ Kd8 69. Ne5 Rd5 70. Nxf7+ Kc8 71. Rb5 Rd4 72. hxg5 Rf4+ 73. Kg3 Rxf7 74. Rd5 1-0

[Event "Izhevsk Corporation Cup 6th"]
[Site "Izhevsk"]
[Date "2014.07.18"]
[Round "6"]
[White "Baigildin, Albert"]
[Black "Nizamov, Bulat"]
[Result "1/2-1/2"]
[WhiteElo "2192"]
[BlackElo "2042"]
[PlyCount "128"]
[EventDate "2014.07.12"]
[EventType "swiss"]
[EventRounds "9"]
[EventCountry "RUS"]
[SourceTitle "CBM 161 Extra"]
[Source "ChessBase"]
[SourceDate "2014.08.29"]
[SourceVersion "1"]
[SourceVersionDate "2014.08.29"]
[SourceQuality "1"]

1. e4 c5 2. Nf3 e6 3. d4 cxd4 4. Nxd4 a6 5. Bd3 Bc5 6. Nb3 Ba7 7. Qg4 Nf6 8. Qg3 d6 9. Nc3 Nc6 10. Be3 b5 11. 0-0-0 Bxe3+ 12. Qxe3 0-0 13. Rd2 Na5 14. e5 Nxb3+ 15. axb3 Nd5 16. Qe4 g6 17. Nxd5 exd5 18. Qxd5 Qa5 19. Rdd1 Be6 20. Qxd6 b4 21. Kb1 Rfd8 22. Qe7 Qxe5 23. Rhe1 Qd6 24. Qxd6 Rxd6 25. Bc4 Rxd1+ 26. Rxd1 Bf5 27. f3 h5 28. Bd3 Bxd3 29. Rxd3 Re8 30. Rd2 Re1+ 31. Ka2 Rc1 32. h4 Kg7 33. g4 hxg4 34. fxg4 a5 35. h5 f5 36. Rd7+ Kh6 37. hxg6 fxg4 38. g7 Kh7 39. g8Q+ Kxg8 40. Rd4 Rxc2 41. Rxg4+ Kf7 42. Rg5 Rc8 43. Rxa5 Rb8 44. Re5 Re8 45. Rf5+ Ke6 46. Rb5 Kd6 47. Rxb4 Kc5 48. Rh4 Kb5 49. Ka3 Re5 50. Rh8 Rg5 51. Rb8+ Ka6 52. Rc8 Kb5 53. b4 Rg3+ 54. Rc3 Rg4 55. Rc5+ Kb6 56. Rd5 Rg1 57. Kb3 Rg3+ 58. Kc4 Rg4+ 59. Rd4 Rg2 60. Kc3 Rh2 61. Rg4 Rh1 62. Kb3 Rh7 63. Rg5 Rh1 64. Rf5 Rh2 1/2-1/2

[Event "Satka Summer op"]
[Site "Satka"]
[Date "2013.07.08"]
[Round "8"]
[White "Baigildin, Albert"]
[Black "Looshnikov, Nikolai"]
[Result "0-1"]
[WhiteElo "2191"]
[BlackElo "2491"]
[PlyCount "38"]
[EventDate "2013.07.02"]
[EventType "swiss"]
[EventRounds "9"]
[EventCountry "RUS"]
[SourceTitle "EXT 2014"]
[Source "ChessBase"]
[SourceDate "2013.11.20"]
[SourceVersion "1"]
[SourceVersionDate "2013.11.20"]
[SourceQuality "1"]

1. e4 e6 2. d4 d5 3. exd5 exd5 4. c4 Nf6 5. Nc3 Bb4 6. Nf3 0-0 7. Be2 dxc4 8. 0-0 Nc6 9. Bxc4 Bg4 10. Bg5 h6 11. Bh4 Be7 12. Be2 Bxf3 13. Bxf3 Nxd4 14. Bxb7 Rb8 15. Ba6 Rxb2 16. Rc1 Nf5 17. Bxf6 Bxf6 18. Nd5 Bg5 19. Rxc7 Rd2 0-1

[Event "Satka-ch"]
[Site "Satka"]
[Date "2012.12.27"]
[Round "6"]
[White "Vaseptsov, Maxim"]
[Black "Baigildin, Albert"]
[Result "0-1"]
[WhiteElo "2200"]
[BlackElo "2164"]
[PlyCount "63"]
[EventDate "2012.12.22"]
[EventType "swiss"]
[EventRounds "9"]
[EventCountry "RUS"]
[SourceTitle "CBM 152 Extra"]
[Source "ChessBase"]
[SourceDate "2013.02.25"]
[SourceVersion "1"]
[SourceVersionDate "2013.02.25"]
[SourceQuality "1"]

1. e4 e5 2. Nf3 Nc6 3. Bb5 a6 4. Ba4 Nf6 5. d3 d6 6. c3 g6 7. 0-0 Bg7 8. Re1 0-0 9. Nbd2 b5 10. Bc2 Bb7 11. d4 Re8 12. d5 Nb8 13. c4 c6 14. a3 bxc4 15. dxc6 Nxc6 16. Nxc4 Nd4 17. Nxd4 exd4 18. Bf4 Nxe4 19. f3 d5 20. Bxe4 dxe4 21. Nd6 Qf6 22. Nxe8 Rxe8 23. Bg3 e3 24. Rc1 a5 25. Qa4 Qe6 26. Rcd1 Rd8 27. Qxa5 Rd7 28. Bf4 h6 29. Qb5 Bc6 30. Qb6 g5 31. Rc1 Bd5 32. Bg3 0-1

[Event "Satka"]
[Site "Satka"]
[Date "2012.08.25"]
[Round "9"]
[White "Nasybullina, Alfia"]
[Black "Baigildin, Albert"]
[Result "1-0"]
[WhiteElo "2073"]
[BlackElo "2170"]
[PlyCount "103"]
[EventDate "2012.08.17"]
[EventType "tourn"]
[EventRounds "9"]
[EventCountry "RUS"]
[SourceTitle "CBM 150 Extra"]
[Source "ChessBase"]
[SourceDate "2012.10.19"]
[SourceVersion "1"]
[SourceVersionDate "2012.10.19"]
[SourceQuality "1"]

1. d4 Nf6 2. c4 e6 3. g3 c5 4. e3 cxd4 5. exd4 d5 6. Bg2 Be7 7. Nc3 dxc4 8. Qa4+ Bd7 9. Qxc4 Bc6 10. Nf3 Nbd7 11. 0-0 Rc8 12. Qe2 0-0 13. Bf4 Nd5 14. Nxd5 Bxd5 15. Rac1 Qb6 16. Ne5 Nf6 17. Bxd5 Nxd5 18. Nd7 Nxf4 19. gxf4 Qxd4 20. Nxf8 Rxf8 21. Rc4 Qf6 22. Kh1 Bd6 23. Qd2 b5 24. Rd4 Bc5 25. Rd7 Qf5 26. Rd8 e5 27. Rxf8+ Bxf8 28. fxe5 Qxe5 29. Re1 Qf5 30. Qe2 Qd5+ 31. f3 Qxa2 32. Qxb5 g6 33. Re8 Qb1+ 34. Kg2 Qc2+ 35. Re2 Qc5 36. Qxc5 Bxc5 37. Kg3 Kg7 38. Kf4 Kf6 39. Rc2 Bd4 40. Rc6+ Kg7 41. b4 h5 42. b5 Kh7 43. Rc7 Kg7 44. Ke4 Bf2 45. Kd5 Kf6 46. Kc6 Ke6 47. Kb7 Bb6 48. Rc6+ Kf5 49. Rxb6 axb6 50. Kxb6 Kf4 51. Kc6 Kxf3 52. b6 1-0

[Event "Satka"]
[Site "Satka"]
[Date "2012.08.24"]
[Round "8"]
[White "Baigildin, Albert"]
[Black "Sihite, Chelsie Monica"]
[Result "1/2-1/2"]
[WhiteElo "2170"]
[BlackElo "2162"]
[PlyCount "22"]
[EventDate "2012.08.17"]
[EventType "tourn"]
[EventRounds "9"]
[EventCountry "RUS"]
[SourceTitle "CBM 150 Extra"]
[Source "ChessBase"]
[SourceDate "2012.10.19"]
[SourceVersion "1"]
[SourceVersionDate "2012.10.19"]
[SourceQuality "1"]

1. e4 e5 2. Nf3 Nc6 3. Bb5 a6 4. Ba4 Nf6 5. Bxc6 dxc6 6. d3 Bg4 7. h3 Bxf3 8. Qxf3 Bb4+ 9. Bd2 Bxd2+ 10. Nxd2 Nd7 11. Nc4 Qf6 1/2-1/2

[Event "Satka"]
[Site "Satka"]
[Date "2012.08.19"]
[Round "3"]
[White "Makarenko, Alexandra"]
[Black "Baigildin, Albert"]
[Result "0-1"]
[WhiteElo "2128"]
[BlackElo "2170"]
[PlyCount "64"]
[EventDate "2012.08.17"]
[EventType "tourn"]
[EventRounds "9"]
[EventCountry "RUS"]
[SourceTitle "CBM 150 Extra"]
[Source "ChessBase"]
[SourceDate "2012.10.19"]
[SourceVersion "1"]
[SourceVersionDate "2012.10.19"]
[SourceQuality "1"]

1. d4 Nf6 2. c4 e6 3. Nf3 b6 4. g3 Bb7 5. Bg2 Bb4+ 6. Bd2 Qe7 7. 0-0 0-0 8. Nc3 Bxc3 9. Bxc3 Be4 10. Nd2 Bxg2 11. Kxg2 d6 12. e4 e5 13. Qe2 exd4 14. Bxd4 Nc6 15. Bc3 a5 16. Rae1 Nd7 17. f4 Rae8 18. Qg4 f6 19. b3 Nc5 20. Qf3 Qd7 21. Re2 Re7 22. Rfe1 Rfe8 23. Bb2 Nb4 24. Ra1 f5 25. e5 dxe5 26. Bxe5 Nc2 27. Qc3 Nxa1 28. Qxa1 Qc6+ 29. Nf3 Rd8 30. Rf2 Ne4 31. Nd4 Qb7 32. Nxf5 Nd6+ 0-1

[Event "Satka Metallurg op"]
[Site "Satka"]
[Date "2012.07.06"]
[Round "5"]
[White "Baigildin, Albert"]
[Black "Enderov, Vladimir"]
[Result "1-0"]
[WhiteElo "2190"]
[BlackElo "1927"]
[PlyCount "85"]
[EventDate "2012.07.02"]
[EventType "swiss"]
[EventRounds "9"]
[EventCountry "RUS"]
[SourceTitle "EXT 2013"]
[Source "ChessBase"]
[SourceDate "2012.11.22"]
[SourceVersion "1"]
[SourceVersionDate "2012.11.22"]
[SourceQuality "1"]

1. e4 c5 2. Nf3 e6 3. d4 cxd4 4. Nxd4 Nf6 5. Nc3 Bb4 6. e5 Nd5 7. Qg4 Nxc3 8. Qxg7 Rf8 9. a3 Nb5+ 10. axb4 Nxd4 11. Bd3 f6 12. Bxh7 Qe7 13. Bg6+ Kd8 14. exf6 Rxf6 15. Qxe7+ Kxe7 16. Bg5 Nbc6 17. c3 Ne5 18. Be4 Nb5 19. 0-0-0 Nf7 20. Bh4 Nbd6 21. Bc2 Ne8 22. g4 Kf8 23. Bxf6 Nxf6 24. Rdg1 Kg7 25. h4 b6 26. g5 Nh5 27. Bd1 Nf4 28. h5 Ne5 29. Rh4 Bb7 30. Kb1 Be4+ 31. Ka1 Rf8 32. g6 Kg8 33. Rg5 d6 34. Rg3 Rf6 35. Re3 Bd3 36. Rg3 Rf8 37. Bb3 Rf6 38. b5 Be2 39. Rxf4 Rxf4 40. Bxe6+ Kg7 41. h6+ Kf6 42. g7 Kxe6 43. g8Q+ 1-0

[Event "Cheliabinsk Region-ch"]
[Site "Cheliabinsk"]
[Date "2012.02.22"]
[Round "5"]
[White "Kholopov, Alexander A"]
[Black "Baigildin, Albert"]
[Result "1-0"]
[WhiteElo "2337"]
[BlackElo "2187"]
[PlyCount "35"]
[EventDate "2012.02.18"]
[EventType "swiss"]
[EventRounds "9"]
[EventCountry "RUS"]
[SourceTitle "EXT 2014"]
[Source "ChessBase"]
[SourceDate "2013.11.20"]
[SourceVersion "1"]
[SourceVersionDate "2013.11.20"]
[SourceQuality "1"]

1. d4 Nf6 2. c4 g6 3. Nc3 d5 4. Nf3 Bg7 5. Bg5 Ne4 6. cxd5 Nxg5 7. Nxg5 e6 8. Qd2 h6 9. Nh3 exd5 10. Nf4 0-0 11. e3 c5 12. dxc5 d4 13. exd4 Qxd4 14. Qxd4 Bxd4 15. 0-0-0 Bxc5 16. Ne4 Bb6 17. Bc4 Kg7 18. Nd5 1-0

[Event "Satka-ch"]
[Site "Satka"]
[Date "2011.12.25"]
[Round "5"]
[White "Baigildin, Albert"]
[Black "Tsvetkov, Pavel"]
[Result "1/2-1/2"]
[WhiteElo "2187"]
[BlackElo "2093"]
[PlyCount "42"]
[EventDate "2011.12.21"]
[EventType "swiss"]
[EventRounds "9"]
[EventCountry "RUS"]
[SourceTitle "CBM 146 Extra"]
[Source "ChessBase"]
[SourceDate "2012.02.29"]
[SourceVersion "1"]
[SourceVersionDate "2012.02.29"]
[SourceQuality "1"]

1. e4 e5 2. Nf3 Nc6 3. Bb5 a6 4. Ba4 Nf6 5. 0-0 Be7 6. Re1 b5 7. Bb3 d6 8. h3 0-0 9. a4 Na5 10. axb5 Nxb3 11. cxb3 Bb7 12. bxa6 Bxe4 13. d3 Bc6 14. Nc3 Qc8 15. d4 Rxa6 16. Rxa6 Qxa6 17. dxe5 Nd7 18. Nd5 Bxd5 19. Qxd5 Nxe5 20. Nxe5 dxe5 21. Qxe5 Bd6 1/2-1/2

[Event "Satka Governor Cup"]
[Site "Satka"]
[Date "2011.08.21"]
[Round "9"]
[White "Kurzykov, Andrey"]
[Black "Baigildin, Albert"]
[Result "1/2-1/2"]
[WhiteElo "2188"]
[BlackElo "2118"]
[PlyCount "33"]
[EventDate "2011.08.16"]
[EventType "swiss"]
[EventRounds "9"]
[EventCountry "RUS"]
[SourceTitle "CBM 144 Extra"]
[Source "ChessBase"]
[SourceDate "2011.10.28"]
[SourceVersion "1"]
[SourceVersionDate "2011.10.28"]
[SourceQuality "1"]

1. Nf3 Nf6 2. c4 c5 3. Nc3 Nc6 4. d4 cxd4 5. Nxd4 g6 6. e4 d6 7. Be2 Nxd4 8. Qxd4 Bg7 9. Bg5 0-0 10. Qd2 Be6 11. Rc1 Rc8 12. b3 Qa5 13. 0-0 Rfd8 14. Rfd1 a6 15. f3 Rd7 16. Be3 Rdc7 17. Bd4 1/2-1/2

[Event "Satka Governor Cup"]
[Site "Satka"]
[Date "2011.08.20"]
[Round "6"]
[White "Baigildin, Albert"]
[Black "Matsenko, Andrei"]
[Result "1/2-1/2"]
[WhiteElo "2118"]
[BlackElo "2098"]
[PlyCount "48"]
[EventDate "2011.08.16"]
[EventType "swiss"]
[EventRounds "9"]
[EventCountry "RUS"]
[SourceTitle "CBM 144 Extra"]
[Source "ChessBase"]
[SourceDate "2011.10.28"]
[SourceVersion "1"]
[SourceVersionDate "2011.10.28"]
[SourceQuality "1"]

1. e4 c5 2. Nf3 e6 3. d4 cxd4 4. Nxd4 Nc6 5. Nc3 Qc7 6. Be2 a6 7. 0-0 Nf6 8. Be3 Bb4 9. Na4 Be7 10. Nxc6 bxc6 11. Nb6 Rb8 12. Nxc8 Qxc8 13. Bd4 Qc7 14. e5 Nd5 15. b3 a5 16. c4 Nb4 17. Bc3 c5 18. Bf3 0-0 19. Qd2 d6 20. Rfd1 Rfd8 21. Qb2 d5 22. Bxb4 cxb4 23. cxd5 exd5 24. Bxd5 Rb5 1/2-1/2

[Event "Satka Governor Cup"]
[Site "Satka"]
[Date "2011.08.18"]
[Round "4"]
[White "Baigildin, Albert"]
[Black "Tsvetkov, Pavel"]
[Result "1/2-1/2"]
[WhiteElo "2118"]
[BlackElo "2062"]
[PlyCount "23"]
[EventDate "2011.08.16"]
[EventType "swiss"]
[EventRounds "9"]
[EventCountry "RUS"]
[SourceTitle "CBM 144 Extra"]
[Source "ChessBase"]
[SourceDate "2011.10.28"]
[SourceVersion "1"]
[SourceVersionDate "2011.10.28"]
[SourceQuality "1"]

1. e4 e5 2. Nf3 Nc6 3. Bb5 a6 4. Ba4 Nf6 5. 0-0 Be7 6. Re1 b5 7. Bb3 0-0 8. c3 d6 9. h3 Bb7 10. d4 Re8 11. Ng5 Rf8 12. Nf3 1/2-1/2

[Event "UrFO-ch op"]
[Site "Cheliabinsk"]
[Date "2011.03.26"]
[Round "9"]
[White "Baigildin, Albert"]
[Black "Vasiliev, Sergey"]
[Result "1-0"]
[WhiteElo "2077"]
[BlackElo "1785"]
[PlyCount "69"]
[EventDate "2011.03.19"]
[EventType "swiss"]
[EventRounds "9"]
[EventCountry "RUS"]
[SourceTitle "EXT 2012"]
[Source "ChessBase"]
[SourceDate "2011.11.24"]
[SourceVersion "1"]
[SourceVersionDate "2011.11.24"]
[SourceQuality "1"]

1. e4 e5 2. Nf3 Nf6 3. Nxe5 d6 4. Nf3 Nxe4 5. d4 d5 6. Be2 Be7 7. 0-0 0-0 8. c4 c6 9. Nc3 Nxc3 10. bxc3 Be6 11. c5 b6 12. cxb6 axb6 13. Ne5 f6 14. Ng4 Bf7 15. Bd3 Bg6 16. Be2 b5 17. Bf4 Bd6 18. Qd2 Qc7 19. Bxd6 Qxd6 20. h4 Kh8 21. Ne3 f5 22. h5 Be8 23. Bd3 Qf4 24. Qc2 Bd7 25. a4 bxa4 26. Rxa4 Rxa4 27. Qxa4 Qg5 28. f4 Qg3 29. Rf3 Qe1+ 30. Nf1 Qxc3 31. Bxf5 Qc1 32. Bxd7 Nxd7 33. h6 gxh6 34. Qa7 Nf6 35. Qe7 1-0